000 007480000a22002530004500
005 20200104041724.0
008 170206b xxu||||| |||| 00| 0 spa d
040 _aCO-BoIAVH
_cCO-BoIAVH
041 _aspa
090 _aMM
_b00127
110 1 _aInstituto Geográfico Agustín Codazzi
_995695
245 1 0 _aEstudio general de suelos y zonificación de tierras
_sdepartamento de Santander
257 _aColombia
264 _aColombia
_bIGAC
300 _bCD-ROM
_a1
650 1 4 _aSuelos
_9287
650 1 4 _aGeología
_993001
650 1 4 _aGeomorfología
_993492
650 1 4 _aUso del suelo
_93216
650 1 4 _aCapacidad de uso del suelo
_978742
650 1 4 _aZonificación de tierras
_978743
650 1 4 _aMapas
_992258
942 _cCD-ROM
_2z
999 _c16503
_d16503